Devine le film, dessin animé, jeu vidéo, la série ou l'ouvrage #1 - Statistiques

Statistiques générales
  • Ce quiz a été pris 544 fois
  • Le résultat moyen est 12 sur 35
Statistiques - réponses
Hint Réponse % Correct
Voldemort, Hermione Granger, Luna Lovegood Harry Potter
100%
Joyeux, Prof, Timide Blanche-Neige et les Sept Nains
72%
Nadia, Hugo, Zizie Titeuf
67%
Meredith Grey, Jackson Avery, Miranda Bailey Grey's Anatomy
61%
Jean Valjean, Gavroche, Javert Les Misérables
59%
Usopp, Nami, Tony-Tony Chopper One Piece
59%
Tyrion Lannister, Sansa Stark, Margaery Tyrell Game of Thrones
56%
Light Yagami, L, Ryuk Death Note
55%
Monica Geller, Ross Geller, Janice Friends
55%
Arthur Shelby, John Shelby, Ada Shelby Peaky Blinders
46%
Vito Corleone, Luca Brasi, Barzini Le Parrain
40%
Steve, Creeper, Alex Minecraft
40%
Ruben, Marcus, Stella La Pat' Patrouille
35%
La rose, le renard, le serpent Le Petit Prince
35%
Judy Hopps, Nick Wilde, Chef Bogo Zootopie
35%
Trevor Philips, Franklin Clinton, Michael De Santa Grand Theft Auto V
33%
Paul Atréides, Stilgar, Duncan Idaho Dune
31%
Georges Diouf, Mamie Suze, Donald Les Tuche
29%
Glenn, Carol Peletier, Lori Grimes The Walking Dead
29%
Jake Sully, Neytiri, Dre Grace Augustine Avatar
27%
Kevin McCallister, Marvin Merchants, Harry Lime Maman, j'ai raté l'avion !
26%
Joel Miller, Abby Anderson, Ellie The Last of Us
23%
Glenn Quagmire, Meg Griffin, Cleveland Brown Family Guy
21%
Mia Wallace, Vincent Vega, Jules Winnfield Pulp Fiction
21%
Tyler Durden, Angel Face, Marla Singer Fight Club
20%
Rose DeWitt Bukater, Caledon Hockley, Molly Brown Titanic
20%
Jon Arbuckle, Odie, Liz Wilson Garfield
19%
Haku, Yubaba, Lin Le Voyage de Chihiro
18%
Driss, Philippe, Magalie Intouchables
17%
Leroy Jethro Gibbs, Timothy McGee, Abigail Sciuto NCIS
16%
Bobby Ewing, Cliff Barnes, Lucy Ewing Dallas
12%
Thomas Marci, Mirta Torres, Djawad Sangha Plus belle la vie
12%
Claudius, Ophélie, Gertrude Hamlet
4%
Adriana La Cerva, Christopher Moltisanti, Jennifer Melfi Les Soprano
4%
Winston Smith, O'Brien, M. Charrington 1984
2%
Aucun quiz correspondant
Distribution des résultats
% des personnes avec chaque résultat
Percentile par nombre de réponses
Votre historique - résultats
Vous n’avez pas pris ce quiz